Albanian cities - Sudden Death - Statistics

General Stats
  • This quiz has been taken 110 times
  • The average score is 8 of 10
Answers on the Grid
Answers color-coded by a green-red scale on the quiz's grid according to % correct below.
Tirana
Durrës
Bursa
Maribor
Vlorë
Elbasan
Hull
Sarandë
Novi Sad
Lanarca
Korçë
Pogradec
Odessa
Sendai
Përmet
Ürümqi
Suez
Lublin
Berat
Shkodër
 
Answer Stats
Answer % Correct
Tirana
91%
Vlorë
91%
Durrës
86%
Shkodër
86%
Berat
81%
Korçë
81%
Sarandë
81%
Elbasan
79%
Përmet
78%
Pogradec
62%
No matching quizzes found
Score Distribution
Percent of People with Each Score
Percentile by Number Answered
Your Score History
You have not taken this quiz